Konstrukce historických staveb /

Hlavní autor: Škabrada, Jiří, 1946-
Jazyk: Čeština
Vydáno: Praha : Argo, 2003
Vydání: Vyd. 1.
Témata:
Externí odkaz: Digitalizovaný dokument
Fyzický popis: 395 s. : il. ; 30 cm
Knihy
Uloženo v:
LEADER 01479nam a2200385 a 4500
001 000704082
003 CZ BrMZK
005 20091102105256.0
007 ta
008 040123s2003 xr a e p 000 0 cze d
015 |a cnb001295350 
020 |a 80-7203-548-7  |q (váz.) 
035 |a (OCoLC)56868091 
040 |a BOA001  |c ze  |d BOA001 
072 7 |a 72  |x Architektura  |2 Konspekt  |9 21 
072 7 |a 37.016  |x Učební osnovy. Vyučovací předměty. Učebnice  |2 Konspekt  |9 22 
080 |a 72:904  |2 MRF 
080 |a 904:72  |2 MRF 
080 |a 624.01/.07  |2 MRF 
080 |a (075.8)  |2 MRF 
100 1 |a Škabrada, Jiří,  |d 1946-  |7 jn20000620359  |4 aut 
245 1 0 |a Konstrukce historických staveb /  |c Jiří Škabrada 
250 |a Vyd. 1. 
260 |a Praha :  |b Argo,  |c 2003 
300 |a 395 s. :  |b il. ;  |c 30 cm 
504 |a Obsahuje bibliografii a rejstřík 
650 0 7 |a architektonické památky  |7 ph118585  |2 czenas 
650 0 7 |a historické stavby  |7 ph120730  |2 czenas 
650 0 7 |a stavební konstrukce  |7 ph116279  |2 czenas 
655 7 |a učebnice vysokých škol  |7 fd133772  |2 czenas 
856 4 1 |u http://www.digitalniknihovna.cz/mzk/uuid/uuid:3733d130-e720-11e4-b834-005056827e51  |y Digitalizovaný dokument  |x NDK 
910 |a BOA001  |b 4-1129.041 
990 |a BK 
996 6 |b 2610210699  |c 4-1129.041  |l MZK  |r Sklad / do 1 hodiny  |n 24  |p p.v.  |w 000704082  |u 000010  |a 1  |e BOA001  |j MZK50  |s P 
996 7 |b 2610319248  |c 4-1129.041  |l Vol.výběr  |r VV 1p  |n 73  |p kup  |h 72 ŠKA  |w 000704082  |u 000020  |a 0  |e BOA001  |j MZK50  |s A